The measurement of time-varying phenomena (Record no. 4146)

MARC details
000 -LEADER
fixed length control field 00592nam a2200193Ia 4500
003 - CONTROL NUMBER IDENTIFIER
control field IN-BaIIA
008 - FIXED-LENGTH DATA ELEMENTS--GENERAL INFORMATION
fixed length control field 211028s9999 xx 000 0 eng d
020 ## - INTERNATIONAL STANDARD BOOK NUMBER
International Standard Book Number 0-471-56343-9
040 ## - CATALOGING SOURCE
Transcribing agency IIA Library
080 ## - UNIVERSAL DECIMAL CLASSIFICATION NUMBER
Universal Decimal Classification number 654.9
Item number MAG
100 ## - MAIN ENTRY--PERSONAL NAME
Personal name Magrab, Edward B
9 (RLIN) 7294
245 #4 - TITLE STATEMENT
Title The measurement of time-varying phenomena
Remainder of title fundamentals and applications
Statement of responsibility, etc. Edward B. Magrab and Donald S. Blomquist
260 ## - PUBLICATION, DISTRIBUTION, ETC.
Place of publication, distribution, etc. New York
Name of publisher, distributor, etc. John Wiley & Sons
Date of publication, distribution, etc. 1971
300 ## - PHYSICAL DESCRIPTION
Extent xiii, 347p.
650 ## - SUBJECT ADDED ENTRY--TOPICAL TERM
Topical term or geographic name entry element NASA thesaurus
650 ## - SUBJECT ADDED ENTRY--TOPICAL TERM
Topical term or geographic name entry element Signal processing
9 (RLIN) 3537
700 ## - ADDED ENTRY--PERSONAL NAME
Personal name Donald S. Blomquist
9 (RLIN) 7295
942 ## - ADDED ENTRY ELEMENTS (KOHA)
Koha item type Books
Holdings
Withdrawn status Lost status Damaged status Not for loan Home library Current library Shelving location Date acquired Cost, normal purchase price Total Checkouts Full call number Barcode Date last seen Cost, replacement price Price effective from Koha item type Purchase Price
        IIA Library-Bangalore IIA Library-Bangalore General Stacks 12/04/1973 138.70   654.9/ MAG 4627 05/11/2021 138.70 12/04/1973 Books Rs. 138.70

Powered by Koha